Beliebtesten Handy Marken Deutschlands - Statistiken

Allgemein
  • Dieses Quiz wurde 826 mal gespielt
  • Das Durchschnittsergebnis liegt bei 6 aus 11
Antwortstatistiken
Prozentanteil Antwort % Korrekt
37% Samsung
100%
35% Apple
98%
4% Huawei
76%
1% Nokia
76%
4% Google
62%
9% Xiaomi
55%
2% Motorola
39%
1% Sony
37%
1% OPPO
12%
1% Honor
8%
1% ZTE
5%
Keine übereinstimmenden Quizze gefunden
Verteilung der Resultate
Anzahl Personen mit jedem Resultat
Perzentil nach korrekt beantworteten Fragen
Ihre Resultats-Entwicklung
Sie haben dieses Quiz noch nicht gespielt